000
00243nam a2200097Ia 4500
008
210430s9999 xx 000 0 und d
082
_a
658.4092 H4322 R
100
_a
Joe Healey
_9
54072
245
_a
Radical Trust
_c
Joe Healey
942
_c
BK
_2
ddc
999
_c
564533
_d
564533